000 00458nam a2200157 i 4500
001 29526
003 ES-MaACL
005 20230906154040.0
007 t|
008 030122q19101919xxk ||||1| eng d
100 1 _aBarker, Ernest.
_925677
245 1 0 _aPolitical thought in England from Herbert Spencer to the present day /
_cErnest Barker.
260 _aLondon :
_bWilliams and Norgate,
_c191-?
300 _a256 p. ;
_c17 cm.
852 _aES-MaACL
_jC-3068
999 _c29526
_d29526